عرض عادي عرض مارك
  • Macbeth,

مدخل إسم شخص

عدد التسجيلات المستخدمة في: 2

001 - رقم الضبط

  • حقل الضبط: 38508

003 - معرف رقم الضبط

  • حقل الضبط: OSt

005 - تاريخ ووقت أخر عملية

  • حقل الضبط: 20131029161008.0

008 - عناصر بيانات ثابتة الطول

  • حقل تحكم ثابت الطول: 131029|||a|||||| | ||| d

040 ## - مصدر الفهرسة

  • هيئة الفهرسة الأصلية: OSt
  • وكالة الكتابة: OSt

100 ## - مدخل -- أسم شخص

  • إسم شخص: Macbeth,
  • العنوان و الكلمات الأخري المرتبطة بالأسم: King of Scotland,
  • تواريخ مرتبطة بالاسم: active 11th century
  • تفريع عام: In literature.

670 ## - بيانات المصدر موجوده

  • الاستشهاد بالمصدر: Work cat.: (OSt)0: McCutchan, J. Wilson. 38506, Macbeth, 2005